000 00431nam a2200181Ia 4500
008 210210b1919 xxu||||| |||| 00| 0 eng d
041 _aeng
082 _a453/12
100 _aZIEGLER (F)
245 _aEnglish-Kanarese school dictionary
260 _aMangalore
_b-
_c1919
650 _aschoold
650 _aschool
650 _aEnglish-Kanarese
650 _adictionary
690 _aKannada Dictionary
906 _a006767
999 _c140848
_d140848